LEADER 03615nam 2200601 450 001 9910798266203321 005 20230125235603.0 010 $a1-60649-323-X 035 $a(CKB)3710000000610700 035 $a(OCoLC)944977195 035 $a(CaBNVSL)swl00406289 035 $a(Au-PeEL)EBL4429827 035 $a(CaPaEBR)ebr11169484 035 $a(CaONFJC)MIL901615 035 $a(OCoLC)945612335 035 $a(CaSebORM)9781606493236 035 $a(MiAaPQ)EBC4429827 035 $a(EXLCZ)993710000000610700 100 $a20160317d2016 fy 0 101 0 $aeng 135 $aurcnu|||||||| 181 $2rdacontent 182 $2rdamedia 183 $2rdacarrier 200 13$aAn introduction to lean work design$hVolume I$iFundamentals of lean operations /$fLawrence D. Fredendall and Matthias Thu?rer 205 $aFirst edition. 210 1$aNew York, New York (222 East 46th Street, New York, NY 10017) :$cBusiness Expert Press,$d2016. 215 $a1 online resource (xiii, 122 pages) 225 1 $aSupply and operations management collection,$x2156-8200 311 $a1-60649-322-1 320 $aIncludes bibliographical references and index. 327 $a1. Lean work design -- 2. Customers drive the lean company -- 3. Process flow -- 4. Little's law -- 5. The effects of variance in the system -- 6. Buffer management -- 7. People -- 8. Organizational structure -- 9. Why communication is important? -- 10. Summary -- Index. 330 3 $aLean Work Design comes directly from our view that lean operations results from the work design. This book uses three existing work design theories to study lean operations and to identify the principles of lean operations. First, systems theory is used to conceptualize how lean operations differ from other work designs. Second, buffer theory, which views lean as a set of buffers to protect throughput from variance, is used to more effectively manage buffers. Third, organizational information processing theory is used to understand how the lean work design processes different types of information. So, lean work design is a work design that maximizes system productivity and effectiveness while minimizing the system's buffer costs. Lean does this by achieving tighter integration of its system components by using work design methods that incorporate a systems view of the organization. Appropriate work design methods consciously seek to incorporate a systems view and coordination into the design of a production or service process. This book is not about the many tools in lean. Rather, it focuses on understanding the lean concepts and how to actively use these concepts to create structure and facilitate communication. The book introduces the fundamentals of Lean operations that are a key to creating a Lean Work Design. It provides a knowledge structure that can be adapted to the day- to-day problems encountered by managers of many different types of work systems. 410 0$aSupply and operations management collection.$x2156-8200 606 $aLean manufacturing 606 $aWork design 610 $aLean 610 $alean manufacturing 610 $alean operations 610 $alean work design 610 $awork design 615 0$aLean manufacturing. 615 0$aWork design. 676 $a658.5 700 $aFredendall$b Lawrence D.$01493630 702 $aThu?rer$b Matthias. 801 0$bMiAaPQ 801 1$bMiAaPQ 801 2$bMiAaPQ 906 $aBOOK 912 $a9910798266203321 996 $aAn introduction to lean work design$93716704 997 $aUNINA LEADER 00968nam0 22002771i 450 001 UON00246926 005 20231205103615.448 010 $a27-15-81420-8 100 $a20031209d2002 |0itac50 ba 101 $afre 102 $aFR 105 $a|||| ||||| 200 1 $aˆL'‰etoile d'Alger$fAziz Chouaki 210 $aPais$cBalland$dc2002 215 $a189 p.$d22 cm 606 $aROMANZI ALGERINI (lett. francofona)$3UONC018262$2FI 620 $aFR$dParis$3UONL002984 676 $aALG843$cNARRATIVA ALGERINA FRANCOFONA$v21 700 1$aCHOUAKI$bAziz$3UONV146501$0688525 712 $aBalland$3UONV257331$4650 801 $aIT$bSOL$c20240220$gRICA 899 $aSIBA - SISTEMA BIBLIOTECARIO DI ATENEO$2UONSI 912 $aUON00246926 950 $aSIBA - SISTEMA BIBLIOTECARIO DI ATENEO$dSI ARA Afr VI C a x 643 $eSI AA 26135 5 643 996 $aEtoile d'Alger$916022 997 $aUNIOR